LEADER 00878nam a2200241 i 4500 001 991003369619707536 005 20020503191028.0 008 000505s1957 po ||| | por 035 $ab10495794-39ule_inst 035 $aEXGIL119649$9ExL 040 $aBiblioteca Interfacoltà$bita 082 0 $a946.942 100 1 $aCastelo-Braco, Fernando$0469182 245 10$aLisboa seiscentista /$cFernando Castelo-Braco 260 $aLisboa :$bOficinas graficas da Camera Municipal,$c1957 300 $a426 p., 9 tav. :$bill. ;$c22 cm 650 4$aLisbona$xStoria$ySec. 17. 907 $a.b10495794$b02-04-14$c27-06-02 912 $a991003369619707536 945 $aLE002 St. IV D 3$g1$i2002000681249$lle002$o-$pE0.00$q-$rl$s- $t0$u0$v0$w0$x0$y.i10572053$z27-06-02 996 $aLisboa seiscentista$9212609 997 $aUNISALENTO 998 $ale002$b01-01-00$cm$da $e-$fpor$gpo $h0$i1